| 000 | 00665nam a2200205Ia 4500 | ||
|---|---|---|---|
| 003 | GCL | ||
| 008 | 140319s9999 xx 000 0 ara d | ||
| 040 |
_aGCL / _cGCL |
||
| 082 | 0 | 4 |
_a253.901 _bم ا |
| 100 | 1 | _aمحمد مصطفى شلبى | |
| 245 | 1 | 0 |
_aاحكام المواريث بين الفقه والقانون / _cمحمد مصطفى شلبى |
| 260 |
_a[S.N] : _bدار النهضة العربية ، _c1978 |
||
| 300 | _a420 ص | ||
| 490 | _a | ||
| 650 | 0 | 4 | _aالشريعة الاسلامية |
| 650 | 0 | 4 | _aالفقه الاسلامى |
| 650 | 0 | 4 | _aالاحوال الشخصية للمسلمين |
| 650 | 0 | 4 | _aالمواريث |
| 942 |
_2ddc _cBK |
||
| 999 |
_c37030 _d37030 |
||